The mirror of fire and dreamine: (Record no. 153514)

MARC details
000 -LEADER
fixed length control field 00659nam a22002057a 4500
005 - DATE AND TIME OF LATEST TRANSACTION
control field 20181108151041.0
010 ## - LCCN (DPL NO)
LC control number B-213428 , B-213444
020 ## - INTERNATIONAL STANDARD BOOK NUMBER
International Standard Book Number 8186939342
Terms of availability 295.00
035 ## - SYSTEM CONTROL NUMBER
System control number B-213428, B-213444
037 ## - SOURCE OF ACQUISITION
Source of stock number/acquisition Indianink Roli books
082 ## - DEWEY DECIMAL CLASSIFICATION NUMBER
Classification number N
100 ## - MAIN ENTRY--PERSONAL NAME
Personal name Divakaruni, Chitra Banarjee
245 ## - TITLE STATEMENT
Title The mirror of fire and dreamine:
Remainder of title the brotherhood of the conch:book II
Statement of responsibility, etc Chitra Banerjee divakaruni
260 ## - PUBLICATION, DISTRIBUTION, ETC. (IMPRINT)
Place of publication, distribution, etc New Delhi
Name of publisher, distributor, etc Indianink Roli books
Date of publication, distribution, etc 2005
270 ## - ADDRESS
Address M-75, G.K. II Market New Delhi 110048
City New Delhi
Postal code 110048
300 ## - PHYSICAL DESCRIPTION
Extent 226p.
Dimensions 22cm(pb)
942 ## - ADDED ENTRY ELEMENTS (KOHA)
Source of classification or shelving scheme Dewey Decimal Classification
Item type English Books
Classification part N
Call number suffix DIV
Holdings
Withdrawn status Lost status Not for loan Collection code Home library Current library Date acquired Full call number Barcode Koha item type Cost, normal purchase price Copy number Cost, replacement price
      Fiction R.C.Libraries (zls) R.C.Libraries (zls) 08/11/2018 N DIV B-213444 English Books 295.00 1 295.00
      Fiction Sarojini Nagar Sarojini Nagar 06/07/2018 N DIV B-213428 English Books      
      Fiction Sarojini Nagar Sarojini Nagar 10/10/2018 N DIV B-213443 English Books      

© Delhi Public Library
Hit Counter
free hit counter